| 000 | 00655pam a2200229 a 4500 | ||
|---|---|---|---|
| 001 | 1615290 | ||
| 005 | 20250307122009.0 | ||
| 008 | 950418s1996 nyua 001 0 eng | ||
| 020 | _a0070213550 (alk. paper) | ||
| 020 | _a9780070213555 | ||
| 050 | 0 | 0 |
_aHF5635 _b.E85 1996 |
| 082 | 0 | 0 |
_a657 _220 |
| 100 | 1 |
_aEskew, Robert K., _d1942- |
|
| 245 | 1 | 0 |
_aFinancial accounting / _cRobert K. Eskew, Daniel L. Jensen. |
| 250 | _a5th ed. | ||
| 260 |
_aNew York : _bMcGraw-Hill, _cc1996. |
||
| 300 |
_axxxi, 896 p. : _bcol. ill. ; _c29 cm. |
||
| 500 | _aIncludes index. | ||
| 650 | 0 | _aAccounting. | |
| 700 | 1 | _aJensen, Daniel L. | |
| 942 |
_2lcc _cBK _e5th Ed. _n0 |
||
| 999 |
_c4545 _d4545 |
||